000
00237nam a22001097a 4500
020
_a
0-7214-1560-1
082
_a
823
_b
LAD/L
245
_a
LITTLE RED RIDING HOOD
260
_a
UK
_b
LADYBIRD
650
_a
ENGLISH SHORT STORY
_z
UK
942
_c
BK
999
_c
4019
_d
4019